LDR 00901naa#a2200169#i#450# 001 EN\\bibl\119129 005 20260703012212.5 011 ## _a2227-1171 100 ## _a20260630b2026####ek#y0engy0150####ca 102 ## _aRU 200 1# _aON THE ISSUE OF THE ORGANIZATION OF FOREIGN POLITICAL SURVEILLANCE IN THE RUSSIAN EMPIRE (1881–1917) _eJournal article 210 1# _aKazan _cKazan law institute Ministry of Internal Affairs Russian Federation _d2026 215 ## _a7 с. 608 ## _aJournal article _2local 675 ## _aПолитика. 32 _aПраво. Юридические науки. 34 _aГосударственное административное управление. Военное искусство. Военные науки. 35 _aОрганы охраны общественного порядка. Милиция. Полиция. 351.74 _z 700 #1 _aEpifanov _gAleksandr Egorovich 856 4# _avestnikkui.ru _u